Smlouva o zprostředkování

Podmienky uzavretia zmluvy o sprostredkovaní. Povinnosti a práva sprostredkovateľa vyplývajúce zo zmluvy. Nárok na províziu. Ručenie za tretiu osobu. Zánik zmluvy o sprostredkovaní.

Salvato in:
Dettagli Bibliografici
Autore principale: Marek, K.
Natura: Capitolo di libro
Lingua:ceco
Soggetti:
Tags: Aggiungi Tag
Nessun Tag, puoi essere il primo ad aggiungerne!!

MARC

LEADER 00000naa a2200000 4500
001 r021230
005 20230922085848.0
041 0 |a cze 
044 |a CZ 
245 1 0 |a Smlouva o zprostředkování  |c K. Marek 
520 |a Podmienky uzavretia zmluvy o sprostredkovaní. Povinnosti a práva sprostredkovateľa vyplývajúce zo zmluvy. Nárok na províziu. Ručenie za tretiu osobu. Zánik zmluvy o sprostredkovaní. 
610 2 0 |a právo obchodné 
610 2 0 |a zmluvy sprostredkovateľské 
610 2 0 |a sprostredkovatelia 
100 1 |a Marek, K.